[Event "MNT-chT 1st League"]
[Site "Podgorica"]
[Date "2018.10.19"]
[Round "7.4"]
[White "Halilovic, Dzeval"]
[Black "Jeknic, Velimir"]
[Result "1-0"]
[WhiteElo "1781"]
[BlackElo "1909"]
[PlyCount "41"]
[EventDate "2018.09.07"]
[EventType "team-tourn"]
[EventRounds "9"]
[EventCountry "MNE"]
[SourceTitle "CBM 187 Extra"]
[Source "ChessBase"]
[SourceDate "2018.11.04"]
[SourceVersion "1"]
[SourceVersionDate "2018.11.04"]
[SourceQuality "1"]
[WhiteTeam "Ibar"]
[BlackTeam "Prosvjeta"]
[WhiteTeamCountry "MNE"]
[BlackTeamCountry "MNE"]

1. e4 e6 2. d4 d5 3. Nc3 Bb4 4. e5 c5 5. a3 cxd4 6. axb4 dxc3 7. Qg4 g6 8. Nf3 Qc7 9. Bd3 Nc6 10. 0-0 Nxe5 11. Nxe5 Qxe5 12. Bf4 Qg7 13. Bb5+ Bd7 14. Bxd7+ Kxd7 15. Rad1 Nf6 16. Qe2 a6 17. Be5 Rhd8 18. Rfe1 Ke7 19. Rd3 g5 20. Rf3 Qg6 21. Bxf6+ 1-0

[Event "MNT-chT 1st League"]
[Site "Podgorica"]
[Date "2018.09.07"]
[Round "1.1"]
[White "Andjic, Vladan"]
[Black "Halilovic, Dzeval"]
[Result "1-0"]
[WhiteElo "1918"]
[BlackElo "1781"]
[PlyCount "107"]
[EventDate "2018.09.07"]
[EventType "team-tourn"]
[EventRounds "9"]
[EventCountry "MNE"]
[SourceTitle "CBM 187 Extra"]
[Source "ChessBase"]
[SourceDate "2018.11.04"]
[SourceVersion "1"]
[SourceVersionDate "2018.11.04"]
[SourceQuality "1"]
[WhiteTeam "Berane"]
[BlackTeam "Ibar"]
[WhiteTeamCountry "MNE"]
[BlackTeamCountry "MNE"]

1. e4 c5 2. Nf3 Nc6 3. d4 cxd4 4. Nxd4 e5 5. Nb3 Nf6 6. Bd3 Be7 7. Nc3 d5 8. 0-0 d4 9. Ne2 Bg4 10. Bg5 0-0 11. f3 Bh5 12. a3 a6 13. Rc1 h6 14. Bh4 Rc8 15. c3 dxc3 16. Rxc3 Nxe4 17. Rxc6 bxc6 18. Bxe7 Qxe7 19. Bxe4 f5 20. Bd3 e4 21. Bc4+ Kh8 22. Nf4 Be8 23. Qe2 a5 24. Kh1 Qe5 25. Nd3 Qd6 26. Ndc5 Bh5 27. Qd2 Qxd2 28. Nxd2 Rfd8 29. Ndb3 Rb8 30. h3 exf3 31. gxf3 Re8 32. Rf2 Re3 33. Kg2 Kh7 34. Nxa5 Rf8 35. Nd3 Rf6 36. Nf4 Be8 37. Nb3 g5 38. Nd3 Bg6 39. a4 Kg7 40. a5 Bf7 41. Bxf7 Rxf7 42. Nbc5 Ra7 43. b4 Kf7 44. a6 Kf6 45. Rb2 h5 46. Kf2 Ree7 47. b5 cxb5 48. Rxb5 h4 49. Rb7 Rxa6 50. Rxe7 Ra2+ 51. Re2 Rxe2+ 52. Kxe2 g4 53. fxg4 fxg4 54. hxg4 1-0

[Event "MNT-chT1"]
[Site "Mojkovac"]
[Date "2016.09.09"]
[Round "1.5"]
[White "Halilovic, Dzeval"]
[Black "Stojanovic, Slobodan"]
[Result "1/2-1/2"]
[WhiteElo "1689"]
[BlackElo "1760"]
[PlyCount "82"]
[EventDate "2016.09.09"]
[EventType "team-tourn"]
[EventRounds "9"]
[EventCountry "MNE"]
[SourceTitle "EXT 2017"]
[Source "ChessBase"]
[SourceDate "2016.10.25"]
[SourceVersion "1"]
[SourceVersionDate "2016.10.25"]
[SourceQuality "1"]

1. e4 e5 2. Nf3 Nc6 3. Bc4 h6 4. 0-0 Bc5 5. c3 Nf6 6. d4 exd4 7. cxd4 Bb6 8. e5 Nh7 9. Nc3 0-0 10. Be3 d6 11. exd6 Qxd6 12. h3 a6 13. Re1 Ba5 14. d5 Bxc3 15. bxc3 Na5 16. Bd3 b5 17. a4 Bd7 18. Qb1 Nf6 19. axb5 axb5 20. Bd2 Nxd5 21. Bxb5 Rfb8 22. c4 Bxb5 23. Rxa5 Bxc4 24. Qc2 Nb6 25. Rae5 Be6 26. Bf4 Qd7 27. Rc5 Nd5 28. Rd1 Rc8 29. Ne5 Qa4 30. Bg3 Nf6 31. Qc1 Qa3 32. Rxc7 Qxc1 33. Rcxc1 Rxc1 34. Rxc1 Ne4 35. Bf4 g5 36. Be3 f6 37. Nf3 Re8 38. Nd4 f5 39. f3 Ng3 40. Bf2 f4 41. Bxg3 fxg3 1/2-1/2